Europe Flags By Population - Statistics

General Stats
  • This quiz has been taken 35 times
  • The average score is 46 of 50
Answer Stats
Picture Answer % Correct
Belgium
100%
France
100%
Germany
100%
Italy
100%
Netherlands
100%
Russia
100%
Spain
100%
Turkey
100%
Ukraine
100%
United Kingdom
100%
Austria
96%
Czech Republic
96%
Denmark
96%
Finland
96%
Greece
96%
Hungary
96%
Iceland
96%
Ireland
96%
Norway
96%
Poland
96%
Sweden
96%
Switzerland
96%
Albania
93%
Croatia
93%
Estonia
93%
Georgia
93%
Latvia
93%
Monaco
93%
Portugal
93%
Romania
93%
Slovakia
93%
Vatican City
93%
Andorra
89%
Belarus
89%
Bosnia
89%
Bulgaria
89%
Cyprus
89%
Kazakhstan
89%
Lithuania
89%
Malta
89%
Moldova
89%
San Marino
89%
Serbia
86%
Slovenia
86%
Azerbaijan
82%
Armenia
79%
North Macedonia | Macedonia
75%
Montenegro
68%
Liechtenstein
64%
Luxembourg
57%
No matching quizzes found
Score Distribution
Percent of People with Each Score
Percentile by Number Answered
Your Score History
You have not taken this quiz